000 00502nam a2200181Ia 4500
001 1908
005 20260306143803.0
008 260306t2012||||xx |||||||||||||| ||spa||
041 _aESP
082 _a158.1
_bL83
100 _aLoehr, Jim
_eAUT
245 4 _aThe only way to win:
_bhow building character helps you achieve more and find greater fulfillment in Business and Life
260 _c2012
300 _a253 páginas :
_c24 cm.
650 _aGEN
654 _aCPS
942 _cLIB
_dJUS
_fJUS
_2ddc
_n
999 _c1908
_d1908